Microeconomic: (Record no. 9041)

MARC details
000 -LEADER
fixed length control field 00529nam a22001817a 4500
003 - CONTROL NUMBER IDENTIFIER
control field OSt
005 - DATE AND TIME OF LATEST TRANSACTION
control field 20240702161049.0
008 - FIXED-LENGTH DATA ELEMENTS--GENERAL INFORMATION
fixed length control field 240702b |||||||| |||| 00| 0 eng d
020 ## - INTERNATIONAL STANDARD BOOK NUMBER
International Standard Book Number 019513995x
040 ## - CATALOGING SOURCE
Original cataloging agency DDC
Transcribing agency MUST
082 ## - DEWEY DECIMAL CLASSIFICATION NUMBER
Classification number 338.5 SAL 2003
Item number 20
100 ## - MAIN ENTRY--PERSONAL NAME
Personal name Salvatore Dominick
9 (RLIN) 7686
245 ## - TITLE STATEMENT
Title Microeconomic:
Remainder of title Theory and Applications/
Statement of responsibility, etc. Salvatore Dominick.
300 ## - PHYSICAL DESCRIPTION
Extent xxxix,724p.:
Other physical details ill,;
Dimensions 24cm.
504 ## - BIBLIOGRAPHY, ETC. NOTE
Bibliography, etc Includes Bibliographical Appendixes and indexes.
650 ## - SUBJECT ADDED ENTRY--TOPICAL TERM
Topical term or geographic name as entry element Economics
9 (RLIN) 975
942 ## - ADDED ENTRY ELEMENTS (KOHA)
Source of classification or shelving scheme Dewey Decimal Classification
Koha item type Open Shelf
Holdings
Withdrawn status Lost status Source of classification or shelving scheme Damaged status Not for loan Home library Current library Source of acquisition Inventory number Total Checkouts Full call number Barcode Date last seen Koha item type Date acquired Price effective from
    Dewey Decimal Classification     MUST Main Library MUST Main Library Purchase 05/24599   338.5 SAL 2003 20 2024-21696 02/07/2024 Open Shelf    
    Dewey Decimal Classification     MUST Main Library MUST Main Library Purchase 05/24597   338.5 SAL 2003 20 2024-21697 02/07/2024 Open Shelf    
    Dewey Decimal Classification     MUST Main Library MUST Main Library Purchase 05/24596   338.5 SAL 2003 20 2024-21698 02/07/2024 Open Shelf    
    Dewey Decimal Classification     MUST Main Library MUST Main Library Purchase 05/24598   338.5 SAL 2003 20 2024-21699 02/07/2024 Open Shelf 02/07/2024 02/07/2024